00502 2200193 4500001002100000005001500021035002000036245005500056100002500111250001100136300002700147260003500174082001000209084001600219020002200235650001200257600001700269600002200286INLIS00000000000113520240713082008 a0010-07240001281 aKuliner Populer Khas Sunda /cLia Djoen Krisdianto0 aLia Djoen Krisdianto aCet II a48 hlm ;c14 x 20,5 cm aYogyakarta :bAjarmasak,c2022 a641.5 a641.5 LIA k a978-979-911-488-4 4aMasakan04aIfah Hanifah04aJulian Ardhiyanto